[Event "27. ekipno prvenstvo RH zene"]
[Site "Biograd na Moru"]
[Date "2018.09.08"]
[Round "1.11"]
[White "Videkovic, Marina"]
[Black "Ivekovic, Ana"]
[Result "0-1"]
[WhiteElo "1833"]
[BlackElo "2118"]
[PlyCount "70"]
[EventDate "2018.09.08"]
[EventCountry "CRO"]

1. d4 Nf6 2. c4 e6 3. Nf3 Bb4+ 4. Bd2 Qe7 5. a3 Bxd2+ 6. Nbxd2 O-O 7. g3 d6 8.
Bg2 e5 9. e3 e4 10. Ng5 Bf5 11. h4 h6 12. Nh3 c6 13. Rc1 Nbd7 14. Nf4 Bg4 15.
Qc2 Rfe8 16. Bh3 Bxh3 17. Nxh3 Ng4 18. O-O Ndf6 19. Nf4 Qd7 20. Kg2 Rac8 21.
Qc3 d5 22. c5 g5 23. hxg5 hxg5 24. Nh3 Kg7 25. Rh1 Qf5 26. Rcf1 Re7 27. b4 Rh8
28. Qc1 Rh5 29. Qe1 Qg6 30. Qe2 Re8 31. Rfg1 Reh8 32. f3 exf3+ 33. Qxf3 Rxh3
34. Rxh3 Rxh3 35. Rh1 Rxh1 0-1

[Event "27. ekipno prvenstvo RH zene"]
[Site "Biograd na Moru"]
[Date "2018.09.08"]
[Round "1.21"]
[White "Kejzar, Petra"]
[Black "Repkova, Eva"]
[Result "0-1"]
[WhiteElo "2067"]
[BlackElo "2288"]
[PlyCount "74"]
[EventDate "2018.09.08"]
[EventCountry "CRO"]

1. e4 d5 2. exd5 Qxd5 3. Nc3 Qd6 4. Nf3 Nf6 5. d4 a6 6. Bc4 b5 7. Bb3 Bb7 8.
Ne5 e6 9. Bf4 Qd8 10. Qe2 Nd5 11. Bxd5 Bxd5 12. O-O Be7 13. a4 Bb7 14. axb5 O-O
15. bxa6 Rxa6 16. Qc4 Rb6 17. Nd3 Bd6 18. Bxd6 Rxd6 19. Nc5 Bc6 20. Rfd1 Qh4
21. f3 Rfd8 22. N3e4 Rd5 23. c3 e5 24. b4 exd4 25. b5 dxc3 26. Rxd5 Bxd5 27.
Qxc3 h6 28. Qe5 Bxe4 29. Nxe4 Rc8 30. Rc1 Nd7 31. Qf5 Nb6 32. g3 Qd8 33. Kg2
Ra8 34. Kh3 Ra2 35. Rc6 Nd5 36. Nc3 Ne3 37. Qe4 Rxh2+ 0-1

[Event "27. ekipno prvenstvo RH zene"]
[Site "Biograd na Moru"]
[Date "2018.09.08"]
[Round "1.22"]
[White "Medic, Mirjana"]
[Black "Sulc, Gordana"]
[Result "1-0"]
[WhiteElo "2167"]
[BlackElo "1866"]
[PlyCount "83"]
[EventDate "2018.09.08"]
[EventCountry "CRO"]
[WhiteTeam "ŠK "]
[BlackTeam "ŠK "]

1. d4 Nf6 2. c4 e6 3. Nc3 Bb4 4. e3 O-O 5. Bd3 d5 6. Nf3 c5 7. O-O cxd4 8. exd4
dxc4 9. Bxc4 Qc7 10. Qd3 Nbd7 11. Nb5 Qb8 12. a3 Ba5 13. b4 a6 14. Nc3 Bc7 15.
b5 Nb6 16. Bb3 axb5 17. Bg5 Ng4 18. g3 h6 19. Be7 Re8 20. Bb4 Nf6 21. Nxb5 Nbd5
22. Bd2 Ba5 23. Bxa5 Rxa5 24. Ne5 Ne7 25. a4 Rd8 26. Qc3 Ra8 27. Rac1 Nfd5 28.
Qf3 Nf6 29. Rfd1 Ned5 30. Rd2 Bd7 31. Bxd5 Bxb5 32. Bxe6 fxe6 33. axb5 Rd5 34.
Qe2 Qe8 35. Rc5 Nd7 36. Rxd5 exd5 37. Rc2 Nxe5 38. dxe5 Ra1+ 39. Kg2 Rb1 40.
Rc5 Qe6 41. Qd3 b6 42. Rc6 1-0

[Event "27. ekipno prvenstvo RH zene"]
[Site "Biograd na Moru"]
[Date "2018.09.08"]
[Round "1.23"]
[White "Mican, Karmela"]
[Black "Roklicer, Heike"]
[Result "0-1"]
[WhiteElo "1890"]
[BlackElo "2042"]
[PlyCount "118"]
[EventDate "2018.09.08"]
[EventCountry "CRO"]

1. e4 c6 2. d4 d5 3. Nc3 dxe4 4. Nxe4 Nf6 5. Nxf6+ gxf6 6. c3 Bf5 7. Nf3 Nd7 8.
Be3 Bg6 9. a4 a5 10. h4 Bh5 11. Be2 e6 12. Bf4 Nb6 13. Nd2 Bxe2 14. Qxe2 Nd5
15. Bh2 f5 16. Qh5 Nf6 17. Qf3 Rg8 18. Rg1 Rg4 19. Bg3 Bh6 20. Nc4 Ne4 21. Ne5
Bd2+ 22. Ke2 Rg7 23. Rad1 Nxg3+ 24. fxg3 Bh6 25. Rgf1 Rg6 26. Nxg6 hxg6 27. Rh1
Qb6 28. Rb1 Qb3 29. Qd3 O-O-O 30. Qd1 Qc4+ 31. Ke1 e5 32. Qe2 Qa2 33. Kf2 exd4
34. cxd4 Qxa4 35. Rhd1 Bg7 36. d5 Bd4+ 37. Kf1 Rxd5 38. Qe8+ Rd8 39. Qxf7 Qb5+
40. Ke1 Qe5+ 41. Kf1 Qxg3 42. Qe6+ Kb8 43. Rd2 Qxh4 44. Ke2 Qg4+ 45. Ke1 Rd5
46. Re2 Qh4+ 47. Kd1 Qh1+ 48. Kc2 Rc5+ 49. Kb3 Qxb1 50. Qd6+ Ka7 51. Qxd4 Qc1
52. Rd2 Ka6 53. Qd3+ Rb5+ 54. Ka2 Qc5 55. Ka1 Ka7 56. Rc2 Qe5 57. Qd2 Rd5 58.
Qf2+ Qd4 59. Qf3 Qd1+ 0-1

[Event "27. ekipno prvenstvo RH zene"]
[Site "Biograd na Moru"]
[Date "2018.09.08"]
[Round "1.23"]
[White "Smetisko, Marija"]
[Black "Lijic, Kristina"]
[Result "1-0"]
[WhiteElo "1900"]
[BlackElo "1715"]
[PlyCount "51"]
[EventDate "2018.09.08"]
[EventCountry "CRO"]
[WhiteTeam "ŠK "]
[BlackTeam "ŠK "]

1. e4 d6 2. d4 Nf6 3. Nc3 g6 4. Bc4 Bg7 5. Nf3 O-O 6. h3 Nbd7 7. e5 dxe5 8.
dxe5 Ne8 9. e6 fxe6 10. Ng5 Bxc3+ 11. bxc3 Ng7 12. Bxe6+ Kh8 13. Nf7+ Rxf7 14.
Bxf7 Qf8 15. Bb3 Nc5 16. Bh6 e5 17. Qd5 Nd7 18. O-O c6 19. Qe4 Qc5 20. Qb4 Nf5
21. Bg5 Kg7 22. Rad1 Qf8 23. Qxf8+ Kxf8 24. Be6 Nc5 25. Rd8+ Kg7 26. Rg8# 1-0

[Event "27. ekipno prvenstvo RH zene"]
[Site "Biograd na Moru"]
[Date "2018.09.08"]
[Round "1.31"]
[White "Janzelj, Lara"]
[Black "Rozman, Monika"]
[Result "0-1"]
[WhiteElo "2254"]
[BlackElo "2037"]
[PlyCount "100"]
[EventDate "2018.09.08"]
[EventCountry "CRO"]

1. d4 Nf6 2. Nc3 d5 3. Bf4 c6 4. e3 Bf5 5. f3 e6 6. g4 Bg6 7. h4 h6 8. Bd3 Bxd3
9. Qxd3 Be7 10. Nge2 Na6 11. O-O-O Nd7 12. Rdg1 Qa5 13. Kb1 O-O-O 14. Nc1 Rde8
15. Nb3 Qd8 16. Na4 Bxh4 17. Rxh4 Qxh4 18. Na5 Ndb8 19. g5 Rd8 20. Qb3 Rd7 21.
Bxb8 Nxb8 22. Nc5 Qh2 23. Rc1 b6 24. Nxd7 Kxd7 25. gxh6 Rxh6 26. f4 Kc7 27. c4
Qg2 28. cxd5 Qe4+ 29. Ka1 Rh1 30. Qc3 Rxc1+ 31. Qxc1 bxa5 32. dxc6 Nxc6 33. a3
Kd7 34. Qg1 g6 35. Qc1 a4 36. Qc3 Qh1+ 37. Ka2 Qd5+ 38. Kb1 Na5 39. Qb4 Nc6 40.
Qb7+ Ke8 41. Qa8+ Ke7 42. Kc1 Qc4+ 43. Kd2 Qb5 44. Ke1 Qa5+ 45. Kd1 Qa6 46. Ke1
Na5 47. Qb8 Qb6 48. Qe5 Nc4 49. Qg5+ Ke8 50. Qh4 Qxb2 0-1

[Event "27. ekipno prvenstvo RH zene"]
[Site "Biograd na Moru"]
[Date "2018.09.08"]
[Round "1.32"]
[White "Blazeka, Mihaela"]
[Black "Kruljac, Petra"]
[Result "1-0"]
[WhiteElo "2048"]
[BlackElo "2069"]
[PlyCount "141"]
[EventDate "2018.09.08"]
[EventCountry "CRO"]
[WhiteTeam "HAŠK "]
[BlackTeam "ŠŠK "]

1. e4 b6 2. d4 Bb7 3. Bd3 e6 4. Nf3 Nf6 5. Qe2 d5 6. e5 Ne4 7. Nbd2 Nxd2 8.
Bxd2 c5 9. c3 Be7 10. O-O Qc8 11. Rac1 Ba6 12. c4 dxc4 13. Bxc4 O-O 14. Ng5
Bxc4 15. Rxc4 Qd8 16. Nxh7 Nc6 17. Nxf8 Nxd4 18. Qe4 Bxf8 19. Rc3 Qd5 20. Qxd5
exd5 21. Re1 c4 22. Kf1 Bb4 23. Rd1 Bxc3 24. Bxc3 Nb5 25. Rxd5 Nxc3 26. bxc3
Rb8 27. a4 a6 28. Ke2 Kf8 29. Ke3 Ke7 30. Kd4 b5 31. axb5 axb5 32. f4 g6 33. g4
Ke6 34. Rd6+ Ke7 35. Kc5 b4 36. Kxc4 b3 37. Rd1 b2 38. Rb1 Ke6 39. Kd3 g5 40.
fxg5 Kxe5 41. Kc2 Rh8 42. Rxb2 Rxh2+ 43. Kb3 Rh8 44. Rf2 Ke6 45. Rf6+ Ke7 46.
c4 Rb8+ 47. Kc3 Rc8 48. Kd4 Rd8+ 49. Kc5 Rc8+ 50. Rc6 Rg8 51. g6 fxg6 52. g5
Kd7 53. Rf6 Ke7 54. Kb6 Rb8+ 55. Kc7 Rb4 56. c5 Rg4 57. Rxg6 Kf7 58. Rf6+ Ke7
59. Rf2 Rxg5 60. Re2+ Kf6 61. Kd6 Kf7 62. c6 Rg1 63. c7 Rd1+ 64. Kc6 Rc1+ 65.
Kd7 Rd1+ 66. Kc8 Rb1 67. Re4 Rb2 68. Kd7 Rd2+ 69. Kc6 Rc2+ 70. Kd6 Rc1 71. Re5
1-0

[Event "27. ekipno prvenstvo RH zene"]
[Site "Biograd na Moru"]
[Date "2018.09.08"]
[Round "1.34"]
[White "Blazeka, Ivana"]
[Black "Muha, Magdalena"]
[Result "1/2-1/2"]
[WhiteElo "1610"]
[BlackElo "1839"]
[PlyCount "70"]
[EventDate "2018.09.08"]
[EventCountry "CRO"]
[WhiteTeam "HAŠK "]
[BlackTeam "ŠŠK "]

1. e4 e6 2. d4 d5 3. Nd2 c5 4. exd5 Qxd5 5. Ngf3 cxd4 6. Bc4 Qd7 7. O-O a6 8.
Nb3 Nc6 9. Nbxd4 Nxd4 10. Qxd4 Qxd4 11. Nxd4 Bc5 12. Nb3 Ba7 13. Re1 Nf6 14.
Be3 b5 15. Bd3 Nd5 16. Bxa7 Rxa7 17. Be4 Nf6 18. Bc6+ Bd7 19. Bxd7+ Nxd7 20.
Rad1 Ke7 21. Nd4 Rc8 22. Re2 Rac7 23. c3 Kf8 24. Red2 Nb6 25. g3 Nd5 26. Kg2 b4
27. cxb4 Nxb4 28. a3 Nd5 29. Kf3 a5 30. Ke2 a4 31. Kd3 Rb7 32. Rc2 Rcb8 33. Rb1
Rb6 34. Kd2 Ke8 35. Kc1 Kd7 1/2-1/2

[Event "27. ekipno prvenstvo RH zene"]
[Site "Biograd na Moru"]
[Date "2018.09.08"]
[Round "1.44"]
[White "Tomulic, Vesna"]
[Black "Golub, Nikolina"]
[Result "1/2-1/2"]
[WhiteElo "1837"]
[BlackElo "1839"]
[PlyCount "36"]
[EventDate "2018.09.08"]
[EventCountry "CRO"]
[WhiteTeam "ŠK "]
[BlackTeam "ŠK "]

1. e4 e6 2. d4 d5 3. Nd2 c5 4. c3 Nc6 5. exd5 Qxd5 6. Ngf3 cxd4 7. Bc4 Qd8 8.
Ne4 dxc3 9. Qxd8+ Kxd8 10. Bg5+ f6 11. O-O-O+ Kc7 12. Be3 cxb2+ 13. Kxb2 b6 14.
Nc3 a6 15. Rhe1 Kb7 16. Ne4 Kc7 17. Nc3 Bb4 18. Bf4+ Kb7 1/2-1/2

[Event "27. ekipno prvenstvo RH zene"]
[Site "Biograd na Moru"]
[Date "2018.09.08"]
[Round "1.51"]
[White "Lakos, Nikoletta"]
[Black "Videnova, Iva"]
[Result "1/2-1/2"]
[WhiteElo "2258"]
[BlackElo "2336"]
[PlyCount "69"]
[EventDate "2018.09.08"]
[EventCountry "CRO"]

1. e4 c5 2. Nf3 e6 3. Nc3 Nc6 4. Bb5 Nd4 5. O-O a6 6. Bd3 Nc6 7. Re1 d6 8. Bf1
Nf6 9. d4 cxd4 10. Nxd4 Be7 11. Nxc6 bxc6 12. e5 dxe5 13. Qxd8+ Bxd8 14. Rxe5
Bc7 15. Re1 Nd5 16. Bd2 O-O 17. Na4 Rb8 18. b3 Rd8 19. Rad1 h6 20. c4 Nb4 21.
Bxb4 Rxb4 22. g3 a5 23. Bg2 Bb7 24. Nc5 Rb6 25. Rxd8+ Bxd8 26. Rd1 Be7 27. Nxb7
Rxb7 28. Bxc6 Rc7 29. Bb5 Kf8 30. Kg2 f5 31. h3 Kf7 32. Rd7 Rxd7 33. Bxd7 Bc5
34. f4 Kf6 35. Kf3 1/2-1/2

[Event "27. ekipno prvenstvo RH zene"]
[Site "Biograd na Moru"]
[Date "2018.09.08"]
[Round "1.52"]
[White "Ivekovic, Tihana"]
[Black "Stadler, Brigita"]
[Result "1-0"]
[WhiteElo "2114"]
[BlackElo "2067"]
[PlyCount "97"]
[EventDate "2018.09.08"]
[EventCountry "CRO"]
[WhiteTeam "ŠK "]
[BlackTeam "ŠK "]

1. d4 Nf6 2. c4 g6 3. Nc3 Bg7 4. e4 d6 5. Nf3 O-O 6. Be2 e5 7. O-O Nc6 8. d5
Ne7 9. Ne1 Nd7 10. Bd2 f5 11. Nd3 Nf6 12. f3 c6 13. Rc1 c5 14. Rb1 f4 15. b4 b6
16. bxc5 bxc5 17. Nb5 g5 18. Nf2 Ng6 19. Qb3 h5 20. h3 Ne8 21. Qa3 Rf7 22. Rb2
Bf8 23. Rfb1 Nh4 24. Be1 Qf6 25. Qd3 Qg6 26. Nc3 Nf6 27. Rb8 Rxb8 28. Rxb8 Bd7
29. Nb5 Kg7 30. Ra8 g4 31. fxg4 hxg4 32. Nxg4 Bxg4 33. hxg4 Qg5 34. Bxh4 Qxh4
35. Rxa7 Be7 36. Rxe7 Rxe7 37. Nxd6 Qe1+ 38. Bf1 Kg6 39. Nf5 Ra7 40. d6 Nxg4
41. Qf3 Kg5 42. g3 Rxa2 43. gxf4+ exf4 44. Ng7 Qe3+ 45. Qxe3 fxe3 46. d7 Ra1
47. d8=Q+ Kg6 48. Kg2 Ne5 49. Qd6+ 1-0

[Event "27. ekipno prvenstvo RH zene"]
[Site "Biograd na Moru"]
[Date "2018.09.08"]
[Round "1.53"]
[White "Sambolec, Andreja"]
[Black "Cvitan, Ena"]
[Result "0-1"]
[WhiteElo "1864"]
[BlackElo "2009"]
[PlyCount "50"]
[EventDate "2018.09.08"]
[EventCountry "CRO"]

1. e4 c6 2. d4 d5 3. e5 Bf5 4. Nf3 e6 5. Be2 Ne7 6. O-O h6 7. c4 dxc4 8. Bxc4
Nd7 9. Nh4 Nb6 10. Bb3 Bh7 11. Nc3 Ned5 12. Nf3 Be7 13. a4 Nb4 14. Be3 a5 15.
Nd2 N6d5 16. Nde4 O-O 17. Qg4 Kh8 18. Rad1 Qb6 19. Nc5 Nxe3 20. fxe3 Bxc5 21.
dxc5 Qxc5 22. Qf4 Nd3 23. Qg3 Qxe5 24. Qf3 Nxb2 25. Rd7 Qxc3 0-1

[Event "27. ekipno prvenstvo RH zene"]
[Site "Biograd na Moru"]
[Date "2018.09.09"]
[Round "2.41"]
[White "Repkova, Eva"]
[Black "Janzelj, Lara"]
[Result "1-0"]
[WhiteElo "2288"]
[BlackElo "2254"]
[PlyCount "65"]
[EventDate "2018.09.08"]
[EventCountry "CRO"]

1. e4 e5 2. Bc4 Nf6 3. d3 Nc6 4. Nf3 h6 5. O-O d6 6. c3 g5 7. Be3 Bg7 8. a4 O-O
9. h4 g4 10. Nh2 h5 11. Bg5 Ne7 12. Qc1 Ng6 13. g3 c6 14. Na3 d5 15. Ba2 Qd6
16. Bxf6 Qxf6 17. exd5 Rd8 18. dxc6 Nxh4 19. gxh4 Bh6 20. Qe1 Bf4 21. Qe4 Qxh4
22. Qg2 Rxd3 23. Rfd1 Rxd1+ 24. Rxd1 bxc6 25. Nf1 Qf6 26. Nb5 Rb8 27. Nd6 Ba6
28. Bxf7+ Kf8 29. Bc4 Bxc4 30. Nxc4 Qe6 31. Qe4 g3 32. Nxg3 Qg4 33. Qf5+ 1-0

[Event "27. ekipno prvenstvo RH zene"]
[Site "Biograd na Moru"]
[Date "2018.09.09"]
[Round "2.42"]
[White "Kruljac, Petra"]
[Black "Medic, Mirjana"]
[Result "1/2-1/2"]
[WhiteElo "2069"]
[BlackElo "2167"]
[PlyCount "74"]
[EventDate "2018.09.08"]
[EventCountry "CRO"]

1. b3 d5 2. Bb2 Nf6 3. e3 c5 4. Nf3 Nc6 5. Bb5 Bd7 6. O-O e6 7. d4 cxd4 8. Nxd4
Bd6 9. Nf3 Qe7 10. c4 dxc4 11. Bxc4 Rd8 12. Nbd2 O-O 13. e4 e5 14. Qe2 a6 15.
a4 Bc5 16. Bd5 Nxd5 17. exd5 Nd4 18. Nxd4 exd4 19. Qxe7 Bxe7 20. Bxd4 Bf5 21.
Nf3 Rxd5 22. Rac1 Bd6 23. Rfd1 h6 24. Bxg7 Rxd1+ 25. Rxd1 Bxh2+ 26. Kxh2 Kxg7
27. Rd6 Re8 28. Rb6 Bc8 29. Kg3 Re4 30. Nd2 Rd4 31. Nc4 Be6 32. Na5 Rd5 33.
Nxb7 Rd3+ 34. f3 Rxb3 35. Rxb3 Bxb3 36. Nc5 Bc4 37. a5 Kg6 1/2-1/2

[Event "27. ekipno prvenstvo RH zene"]
[Site "Biograd na Moru"]
[Date "2018.09.09"]
[Round "2.43"]
[White "Roklicer, Heike"]
[Black "Radikovic, Anamarija"]
[Result "1/2-1/2"]
[WhiteElo "2042"]
[BlackElo "1906"]
[PlyCount "81"]
[EventDate "2018.09.08"]
[EventCountry "CRO"]

1. d4 d5 2. c4 e6 3. Nc3 Nf6 4. Nf3 c5 5. e3 Nc6 6. a3 Be7 7. cxd5 exd5 8. Bb5
O-O 9. Bxc6 bxc6 10. dxc5 Bxc5 11. Nd4 Qc7 12. b4 Bd6 13. Bd2 Bxh2 14. Rc1 Be5
15. Qc2 g6 16. Nce2 Ne4 17. Qxc6 Qxc6 18. Nxc6 Bf6 19. Ncd4 Bb7 20. f3 Nd6 21.
a4 Nc4 22. Rc2 Rac8 23. Kf2 Be7 24. b5 Ne5 25. Rxc8 Nd3+ 26. Kg3 Rxc8 27. Bc3
Bd6+ 28. f4 Nc5 29. Kf3 Nxa4 30. Bd2 Nb2 31. Ra1 Bc5 32. Rb1 Nc4 33. Bc1 h5 34.
g4 hxg4+ 35. Kxg4 Re8 36. Kf3 Kg7 37. Rb3 Rc8 38. Rd3 a6 39. bxa6 Bxa6 40. Rd1
Re8 41. Nc3 1/2-1/2

[Event "27. ekipno prvenstvo RH zene"]
[Site "Biograd na Moru"]
[Date "2018.09.09"]
[Round "2.44"]
[White "Koksa, Jelena"]
[Black "Smetisko, Marija"]
[Result "0-1"]
[WhiteElo "1764"]
[BlackElo "1900"]
[PlyCount "36"]
[EventDate "2018.09.08"]
[EventCountry "CRO"]

1. e4 e5 2. Nf3 Nc6 3. d4 exd4 4. Nxd4 Bc5 5. Nb3 Bb6 6. Nc3 d6 7. Qe2 Bd7 8.
Be3 Nf6 9. f3 Qe7 10. O-O-O O-O-O 11. Bxb6 axb6 12. Nb5 Rhe8 13. Qc4 Kb8 14.
N3d4 Qe5 15. Rd3 Qc5 16. Qa4 Nxe4 17. Nxc6+ Bxc6 18. Ra3 Qg5+ 0-1

[Event "27. ekipno prvenstvo RH zene"]
[Site "Biograd na Moru"]
[Date "2018.09.09"]
[Round "2.51"]
[White "Videkovic, Marina"]
[Black "Kejzar, Petra"]
[Result "0-1"]
[WhiteElo "1833"]
[BlackElo "2067"]
[PlyCount "80"]
[EventDate "2018.09.08"]
[EventCountry "CRO"]

1. Nf3 f5 2. d4 Nf6 3. c4 g6 4. Nc3 Bg7 5. g3 O-O 6. Bg2 d6 7. d5 c6 8. O-O e5
9. dxe6 Bxe6 10. Qd3 Na6 11. Ng5 Qe7 12. Nxe6 Qxe6 13. Na4 Ne4 14. Be3 Rad8 15.
Rad1 b6 16. a3 Nc7 17. Qc2 d5 18. Bf4 Be5 19. Bxe5 Qxe5 20. cxd5 cxd5 21. e3
Ne6 22. Qb3 Rd7 23. Qb5 Rfd8 24. Rc1 h5 25. h4 Kh7 26. Rc6 Nc7 27. Qe2 Ne8 28.
Rfc1 N8f6 29. Rc8 Ng4 30. Bxe4 fxe4 31. Rxd8 Rxd8 32. Rc2 d4 33. exd4 Rxd4 34.
Qe1 Rxa4 35. Qc1 e3 36. Rc7+ Kh6 37. f4 Qd4 38. f5 Qd2 39. Rh7+ Kxh7 40. fxg6+
Kh6 0-1

[Event "27. ekipno prvenstvo RH zene"]
[Site "Biograd na Moru"]
[Date "2018.09.09"]
[Round "2.52"]
[White "Sulc, Gordana"]
[Black "Grgic, Neomi"]
[Result "0-1"]
[WhiteElo "1866"]
[BlackElo "1851"]
[PlyCount "132"]
[EventDate "2018.09.08"]
[EventCountry "CRO"]

1. e4 e5 2. Nf3 Nc6 3. Bb5 a6 4. Ba4 Nf6 5. O-O Be7 6. Re1 b5 7. Bb3 d6 8. c3
O-O 9. h3 Nb8 10. d4 Nbd7 11. Nbd2 Bb7 12. Bc2 Re8 13. Nf1 Bf8 14. Ng3 g6 15.
b3 c5 16. d5 Nb6 17. Bg5 h6 18. Bd2 c4 19. b4 a5 20. a3 Qc7 21. Qe2 Ra7 22. Nh2
Rea8 23. Rac1 axb4 24. axb4 Bg7 25. h4 Bc8 26. h5 g5 27. f3 Ra2 28. Nhf1 Rb2
29. Bb1 Ra1 30. Qd1 Qa7 31. Bc2 Raa2 32. Bb1 Ra1 33. Bc2 Ra3 34. Kh2 Na4 35.
Bxa4 Rxa4 36. Be3 Qa6 37. Ra1 Raa2 38. Rxa2 Qxa2 39. Bd2 Rc2 40. Re2 Bf8 41.
Qe1 Rb2 42. Qf2 Qa1 43. Qe3 Rb1 44. Re1 Bd7 45. Rxb1 Qxb1 46. Qe1 Qd3 47. Ne3
g4 48. Nh1 Nxh5 49. fxg4 Nf4 50. Nf2 Qe2 51. Qxe2 Nxe2 52. g3 Be7 53. Nh3 h5
54. gxh5 Bxh3 55. Kxh3 Bg5 56. Kg4 Bxe3 57. Bxe3 Nxc3 58. Kf5 Ne2 59. g4 c3 60.
Kf6 Ng3 61. Ke7 Nxe4 62. g5 Ng3 63. Kd7 c2 64. Kc6 Nf5 65. Bc1 e4 66. Kxb5 e3
0-1

[Event "27. ekipno prvenstvo RH zene"]
[Site "Biograd na Moru"]
[Date "2018.09.09"]
[Round "2.53"]
[White "Raguz, Ivanka"]
[Black "Mican, Karmela"]
[Result "0-1"]
[WhiteElo "1706"]
[BlackElo "1890"]
[PlyCount "76"]
[EventDate "2018.09.08"]
[EventCountry "CRO"]

1. d4 d5 2. c4 e6 3. Nc3 Be7 4. Nf3 Nf6 5. Bg5 Nbd7 6. e3 h6 7. Bh4 O-O 8. Bd3
dxc4 9. Bxc4 a6 10. a4 c5 11. O-O cxd4 12. exd4 Nb6 13. Bd3 Nfd5 14. Bxe7 Nxe7
15. a5 Nbd5 16. Re1 Bd7 17. Ne5 Bc6 18. Qg4 Nf6 19. Qd1 Ned5 20. Nxc6 bxc6 21.
Qa4 Qd6 22. Ne4 Nxe4 23. Bxe4 Rab8 24. Rac1 Rfc8 25. Re2 Rb4 26. Qd1 Rcb8 27.
Rec2 Qf4 28. Qe1 Rxd4 29. Bf3 Nb4 30. Rxc6 Nxc6 31. Rxc6 Rc4 32. g3 Qd4 33.
Rxa6 Rxb2 34. Ra8+ Kh7 35. Kg2 g6 36. a6 Rcc2 37. Kh1 Rxf2 38. Qg1 Qd2 0-1

[Event "27. ekipno prvenstvo RH zene"]
[Site "Biograd na Moru"]
[Date "2018.09.09"]
[Round "2.54"]
[White "Lijic, Kristina"]
[Black "Ivekovic, Zvjezdana"]
[Result "1-0"]
[WhiteElo "1715"]
[BlackElo "1703"]
[PlyCount "47"]
[EventDate "2018.09.08"]
[EventCountry "CRO"]

1. c4 Nf6 2. Nc3 d5 3. cxd5 Nxd5 4. Nf3 c5 5. g3 Nc6 6. Bg2 e6 7. d3 Be7 8. Bd2
a6 9. Rc1 b5 10. O-O Rb8 11. Ne4 Qb6 12. Qc2 Nd4 13. Nxd4 cxd4 14. Nc5 O-O 15.
b4 Rd8 16. Qb2 e5 17. Qb3 Nc7 18. f4 Ne6 19. fxe5 Rf8 20. Qd5 Bxc5 21. bxc5 Qc7
22. Qd6 Re8 23. Bd5 Re7 24. c6 1-0

[Event "27. ekipno prvenstvo RH zene"]
[Site "Biograd na Moru"]
[Date "2018.09.09"]
[Round "3.11"]
[White "Kejzar, Petra"]
[Black "Ivekovic, Ana"]
[Result "1/2-1/2"]
[WhiteElo "2067"]
[BlackElo "2118"]
[PlyCount "61"]
[EventDate "2018.09.08"]
[EventCountry "CRO"]
[WhiteTeam "ŠK "]
[BlackTeam "ŠD "]

1. e4 e5 2. Nf3 Nc6 3. Bb5 a6 4. Ba4 Nf6 5. d3 b5 6. Bb3 Be7 7. O-O d6 8. a4
Rb8 9. axb5 axb5 10. c3 O-O 11. Re1 Be6 12. Bc2 h6 13. Nbd2 Re8 14. h3 Bf8 15.
d4 Bd7 16. d5 Ne7 17. Nf1 Ng6 18. g4 h5 19. g5 Nh7 20. Kh2 Be7 21. Ng3 Nxg5 22.
Nxg5 Bxg5 23. Nxh5 Bxc1 24. Rxc1 Qh4 25. Qf3 Rf8 26. Rg1 Kh7 27. Rg3 Kh6 28.
Qe3+ Kh7 29. Qf3 Kh6 30. Qe3+ Kh7 31. Qf3 1/2-1/2

[Event "27. ekipno prvenstvo RH zene"]
[Site "Biograd na Moru"]
[Date "2018.09.09"]
[Round "3.12"]
[White "Spiranec, Noemi"]
[Black "Sulc, Gordana"]
[Result "1-0"]
[WhiteElo "2035"]
[BlackElo "1866"]
[PlyCount "111"]
[EventDate "2018.09.08"]
[EventCountry "CRO"]

1. d4 Nf6 2. c4 e6 3. g3 Bb4+ 4. Bd2 Be7 5. Bg2 d5 6. Nf3 O-O 7. O-O c6 8. Qc2
dxc4 9. Qxc4 b5 10. Qc2 Bb7 11. Nc3 a6 12. Ne4 Nxe4 13. Qxe4 Nd7 14. Rac1 Rc8
15. b4 Re8 16. Rfd1 Nf6 17. Qb1 Nd5 18. Ne5 f6 19. Nd3 Bf8 20. e4 Nb6 21. Bc3
Nc4 22. Nb2 Nb6 23. Qc2 Rc7 24. a4 Rd7 25. a5 Nc8 26. Qb3 Kh8 27. Bh3 Qe7 28.
Nd3 Qf7 29. Nf4 Rde7 30. Bg2 e5 31. Qxf7 Rxf7 32. Nd3 exd4 33. Bxd4 Rd8 34. Nc5
Bxc5 35. Bxc5 Rfd7 36. Rxd7 Rxd7 37. Bh3 Rd8 38. Kf1 g6 39. Ke2 Kg7 40. Rc3 Kf7
41. Rd3 Rxd3 42. Kxd3 Ne7 43. Bxe7 Kxe7 44. Kd4 Kd6 45. f4 c5+ 46. bxc5+ Kc6
47. Be6 Kc7 48. g4 h6 49. e5 fxe5+ 50. Kxe5 Bf3 51. f5 gxf5 52. gxf5 Kc6 53.
Kd4 Kc7 54. f6 Kd8 55. Bc8 b4 56. Bxa6 1-0

[Event "27. ekipno prvenstvo RH zene"]
[Site "Biograd na Moru"]
[Date "2018.09.09"]
[Round "3.13"]
[White "Mican, Karmela"]
[Black "Dejanovic, Tereza"]
[Result "0-1"]
[WhiteElo "1890"]
[BlackElo "1815"]
[PlyCount "100"]
[EventDate "2018.09.08"]
[EventCountry "CRO"]
[WhiteTeam "ŠK "]
[BlackTeam "ŠD "]

1. e4 c5 2. Nf3 d6 3. d4 cxd4 4. Nxd4 Nf6 5. Nc3 a6 6. Be3 e6 7. Be2 Be7 8. O-O
Qc7 9. f4 O-O 10. Kh1 Nbd7 11. Bf3 Rb8 12. a4 Nc5 13. Qe1 e5 14. Nde2 b6 15.
Ng3 exf4 16. Bxf4 Ne6 17. Be3 g6 18. Qd2 Bb7 19. Nd5 Bxd5 20. exd5 Nc5 21. Bd4
Nfd7 22. b4 Nb7 23. Be2 a5 24. c3 f5 25. Qe3 Bf6 26. Bxf6 Nxf6 27. Qd4 Rbe8 28.
Bb5 Re5 29. Rae1 Rc8 30. c4 axb4 31. Qb2 Nc5 32. Rxe5 dxe5 33. Qxb4 e4 34. Qc3
Qd6 35. Ne2 Nd3 36. Qd4 Ng4 37. g3 Nge5 38. Nf4 Nxf4 39. Rxf4 Nf3 40. Qe3 Rf8
41. Kg2 Rf7 42. Be8 Rf8 43. Bb5 g5 44. Rxf3 exf3+ 45. Qxf3 Qe5 46. Qh5 f4 47.
gxf4 Rxf4 48. Bd7 Qb2+ 49. Kg1 Qf2+ 50. Kh1 Qf1# 0-1

[Event "27. ekipno prvenstvo RH zene"]
[Site "Biograd na Moru"]
[Date "2018.09.09"]
[Round "3.21"]
[White "Janzelj, Lara"]
[Black "Videkovic, Marina"]
[Result "1-0"]
[WhiteElo "2254"]
[BlackElo "1833"]
[PlyCount "51"]
[EventDate "2018.09.08"]
[EventCountry "CRO"]
[WhiteTeam "ŠŠK "]
[BlackTeam "ŠK "]

1. d4 Nf6 2. c4 e6 3. Nf3 b6 4. a3 Bb7 5. Nc3 d5 6. cxd5 exd5 7. g3 a6 8. Bg2
Bd6 9. O-O O-O 10. Nh4 Re8 11. Bg5 c6 12. f3 h6 13. Bxf6 Qxf6 14. e4 Qd8 15. e5
Bf8 16. f4 Bc8 17. Qd3 Ra7 18. f5 a5 19. Rf2 f6 20. e6 Bd6 21. Bf3 Bxe6 22.
fxe6 Rxe6 23. Nxd5 Bxg3 24. hxg3 cxd5 25. Qf5 Rd6 26. Rc1 1-0

[Event "27. ekipno prvenstvo RH zene"]
[Site "Biograd na Moru"]
[Date "2018.09.09"]
[Round "3.23"]
[White "Radikovic, Anamarija"]
[Black "Raguz, Ivanka"]
[Result "1-0"]
[WhiteElo "1906"]
[BlackElo "1706"]
[PlyCount "59"]
[EventDate "2018.09.08"]
[EventCountry "CRO"]
[WhiteTeam "ŠŠK "]
[BlackTeam "ŠK "]

1. e4 e5 2. Nf3 Nc6 3. Bb5 a6 4. Ba4 Nf6 5. d3 b5 6. Bb3 Bc5 7. c3 O-O 8. O-O
Bb6 9. h3 d6 10. Re1 Be6 11. Bc2 Qd7 12. Be3 Rab8 13. a3 a5 14. d4 exd4 15.
cxd4 d5 16. exd5 Bxd5 17. Ne5 Qd6 18. Nc3 Ba7 19. Rc1 Ne7 20. Bf4 Qb6 21. Nd7
Nxd7 22. Rxe7 Be6 23. Rxd7 Bxd7 24. Nd5 Qxd4 25. Bxh7+ Kh8 26. Qh5 Qxf2+ 27.
Kh1 Rfe8 28. Bg6+ Kg8 29. Qh7+ Kf8 30. Qh8# 1-0